Quick Maths - Statistics

General Stats
  • This quiz has been taken 94 times
  • The average score is 13 of 15
Answer Stats
Hint Answer % Correct
1x-1 -1
100%
141+613 754
99%
135+12 147
97%
594x2 1188
92%
628-135 493
92%
412+564 976
87%
51--51 102
86%
2^4 16
86%
5-764 -759
86%
513+642 1155
84%
512 23
84%
13.3+13.6 26.9
84%
581-351 230
83%
192x3 576
83%
3562-2969 593
81%
No matching quizzes found
Score Distribution
Percent of People with Each Score
Percentile by Number Answered
Your Score History
You have not taken this quiz